000 01160cam a2200217 4500
001 WB@3612-122
008 040707n2004 000 0 eng u
035 _a(Sirsi) u126731
245 _aContinuing strong commercial activity
260 _c2004
490 _aFPD Savills Research
_vJune 2004 (4)
520 _aStrong growth of commercial activity continued in May and there is industry-wide optimism regarding the performance of activity over the next three months - according to the latest "FPD Savills commercial development activity PMI". The strongest growth of all the areas of activity was again private sector new build; however the rate of expansion was less marked than that seen in any of the previous three months. The full report can be viewed for free, after registering, at: http://www.fpdsavills.co.uk/research.asp?content=% 5Cuber%5Fresearch%5C4612%2Ehtm&subcategory=none&co ntenttype=research&category=.
590 _aWB
590 _aWB
650 _aCOMMERCIAL DEVELOPMENT
650 _aPRIVATE SECTOR DEVELOPMENT
650 _aNEW BUILD
650 _aINDUSTRIAL MARKET
690 _aCOMMERCIAL PROPERTY
_96227
942 _n0
999 _c117666
_d117666